Katie (Kaboom) Shaw - Statistics

General Stats
  • This quiz has been taken 3 times
  • The average score is 4 of 15
Answer Stats
Hint Answer % Correct
What is her least favorite animal? Cat
100%
Most miles ran in a 24 hour period? 17
50%
In which year did she win the b-ball shooting contest at Beloit Memorial? 1991
50%
Which age did she graduate with her masters degree? 45
50%
Breed of her favorite childhood dog? Akita
50%
What was her first job? Cook
50%
What is her favorite form of exercise? Rollerblading
50%
How many states has she been in as of date of publishment? 36
0%
High school basketball nickname? Buster Douglas
0%
Proudest accomplishment? Children
0%
With what food did she win the merit award at the Rock County Fair? Corn muffins
0%
Where did she receive her Bachelors degree? Illinois
0%
Favorite vacation spot? Rocky Mountains
0%
What trailer court did she first reside in? Shady Hill
0%
What is her dream future? To make a bunch of money from an accredited math video game then buy a sustainable farm with a greenhouse that has bearded dragons running around freely, also the greenhouse needs to have an amazing sound and lights system
0%
No matching quizzes found
Score Distribution
Percent of People with Each Score
Percentile by Number Answered
Your Score History
You have not taken this quiz